00450nam a22001572 4500001001100000005001700011008004100028020002600069040001500095100003300110245003800143250001300181260004000194300002600234650003200260000000917120151217155217.0080910s xx 000 0 eng d a032140923x :cKES 200 aKABUcKABU1 aParkin, Michael.@000016024910aMicroeconomics /cMichael Parkin. a7th ed. aBoston :bPearson Education,c2005. axxxix, 486, [118] p. 0aMicroeconomics.@0000149944